| 000 | 01097nam a2200229Ia 4500 | ||
|---|---|---|---|
| 003 | OSt | ||
| 005 | 20250627111848.0 | ||
| 008 | 191128s2010 ck er 000 p spa d | ||
| 020 | _a9789588250823 | ||
| 040 |
_aCO-JMCR _cCO-JMCR |
||
| 041 | _aspa | ||
| 082 |
_aA-P _bARTt |
||
| 100 |
_aArtel, Jorge, _eautor _98519 |
||
| 245 | 1 | 0 |
_aTambores en la noche : _bpoesía / |
| 250 | _aSexta edición | ||
| 260 |
_aCartagena : _bUniversidad de Cartagena : Ministerio de Cultura _c2010 |
||
| 300 |
_a89 páginas ; _c21 cm |
||
| 505 | _aNegro soy -- La voz de los ancestros -- ¡Danza, mulata! -- La cumbia -- Tambores en la noche -- Velorio del boga adolescente -- ahora hablo de gaitas -- Barrio abajo -- Mr. Davi -- Sensualidad negra -- Bulleregue -- El líder negro | ||
| 520 | _aEl trabajo poético de Artel es heredero directo de la obra de Candelario Obeso (1849-1884), pero renueva el discurso basado en l recreación de la afrontillanidad que poetas como Luis Palés Matos (Puerto Rico) ya habían desarrollado en los años veinte. | ||
| 650 | 1 | 4 |
_aPoesía colombiana _98520 |
| 942 |
_2ddc _cBK |
||
| 999 |
_c4090 _d4090 |
||